Spektroskopické štúdium interakcie iónov prechodných prvkov s liečivami

Guardado en:
Detalles Bibliográficos
Autor principal: Šimunková, Miriama (Autor)
Otros Autores: Valko, Marián (Orientador)
Formato: Manuscrito Libro
Lenguaje:eslovaco
Publicado: 2015
Materias:
Acceso en línea:http://is.stuba.sk/zp/portal_zp.pl?podrobnosti=101279
Etiquetas: Agregar Etiqueta
Sin Etiquetas, Sea el primero en etiquetar este registro!

MARC

LEADER 00000ntm a22000003a 4500
001 stuzp52552
003 SK-STU
005 20160719154217.0
007 ta
008 150427s2015----xo-----f-mn---000-0-slo-d
040 |a STU  |b slo 
041 0 |a slo 
100 1 |a Šimunková, Miriama  |u 045210  |4 aut  |U FCHPT Ústav fyzikálnej chémie a chemickej fyziky  |T FCHPT Oddelenie fyzikálnej chémie  |X 60561  |U C5210  |Y 117  |7 60561 
242 0 1 |a Spectroscopic Study of Interaction of the transition Metal Ions with drugs  |y eng 
245 1 0 |a Spektroskopické štúdium interakcie iónov prechodných prvkov s liečivami 
260 |c 2015 
650 4 |a derivát takrínu  |2 slo 
650 4 |a takrín  |2 slo 
650 4 |a oxidačný stres  |2 slo 
650 4 |a radikál-zhášajúca aktivita  |2 slo 
650 4 |a ABTS test  |2 slo 
650 4 |a DPPH test  |2 slo 
650 4 |a EPR spektroskopia  |2 slo 
650 4 |a tacrine  |2 eng 
650 4 |a derivatives of tacrine  |2 eng 
650 4 |a oxidative stress  |2 eng 
650 4 |a radical-scavenging activity  |2 eng 
650 4 |a ABTS test  |2 eng 
650 4 |a DPPH test  |2 eng 
650 4 |a EPR spectroscopy  |2 eng 
700 1 |a Valko, Marián  |4 ths  |X 4435  |7 A000004435 
856 4 |u http://is.stuba.sk/zp/portal_zp.pl?podrobnosti=101279 
SQL |a stuzp52552  |b DBP  |c SLO  |d Spektroskopické štúdium interakcie iónov prechodných prvkov s liečivami  |e 60561  |f Šimunková, Miriama  |g 045210  |h 4435  |i Valko, Marián  |j 20150713  |k 752  |l 04  |m http://is.stuba.sk/zp/portal_zp.pl?podrobnosti=101279  |n B-BIOPOT  |o 5.2.25. biotechnológie